[Event "4NCL Wessex v Mid Mon"]
[Site "?"]
[Date "1996.??.??"]
[Round "?"]
[White "Brameld, Arthur F"]
[Black "Cooper, Laurence"]
[Result "0-1"]
[WhiteElo "2190"]
[BlackElo "2335"]
[PlyCount "114"]
[EventDate "1996.??.??"]
[EventType "game"]

1. e4 e5 2. f4 d5 3. exd5 exf4 4. Nf3 Nf6 5. Bc4 {out of book} Nxd5 6. O-O Be6 7. Bb3 Be7 8. c4 Nb6 9. d4 Nxc4 (9... Bxc4 $143 10. Bxc4 Nxc4 11. Qa4+ Nc6 12. Qxc4 $18) 10. Bxf4 O-O (10... Nxb2 $6 11. Qc2 Bxb3 12. Qxb3 $16) 11. Qe2 b5 12. a4 c6 $11 (12... Nc6 $5 13. Qf2 Bf6 $17) 13. axb5 cxb5 14. Nc3 Qb6 15. Kh1 Bf6 16. Ne4 Nd7 17. Bg5 $17 (17. Nxf6+ $5 {should be considered} Nxf6 18. Bg5 $15) 17... Bg4 $15 (17... Bxd4 $142 $5 18. Nxd4 Qxd4 $17) 18. h3 $2 $19 (18. Nxf6+ $142 {would keep White alive} Nxf6 19. Bxc4 bxc4 20. Bxf6 Qxf6 21. Qxc4 $15) 18... Bxf3 19. Qxf3 Bxd4 20. Be7 Nde5 21. Qg3 Qg6 $15 (21... Rfc8 $142 $5 $19) 22. Qxg6 hxg6 23. Bxf8 Kxf8 24. Bxc4 bxc4 25. Nc3 Nd3 26. Rab1 Rb8 27. Ne2 Bxb2 28. Nf4 Nxf4 29. Rxf4 c3 30. Rc4 Re8 31. Rd1 a5 32. Rc7 Kg8 33. Kh2 $19 (33. Kg1 $5 $17) 33... Re2 34. Rd8+ Kh7 35. Rdc8 f5 36. Rb7 c2 37. Rxb2 c1=Q 38. Rxc1 Rxb2 39. Ra1 Rb5 40. Kg3 g5 41. Ra3 Kg6 42. Rc3 a4 43. Rc6+ Kh5 44. Ra6 Rb3+ 45. Kh2 a3 46. Ra5 g6 47. Ra8 g4 48. Rh8+ Kg5 49. h4+ Kf4 50. Ra8 Ke4 (50... Ke3 51. Ra4 Kf2 52. Rf4+ Rf3 53. gxf3 g3+ 54. Kh3 g2 $19) 51. Ra6 f4 52. Rxg6 Kd3 53. Rf6 $2 $19 (53. Ra6 $142 $17) 53... a2 54. Ra6 Rb2 55. h5 f3 56. h6 (56. Ra3+ {does not win a prize} Kc4 57. Ra4+ Kb3 58. Ra6 $19) 56... Rxg2+ (56... f2 57. Rd6+ Ke2 58. Re6+ Kd1 $19) 57. Kh1 g3 0-1

[Event "4NCL Wessex v Richmond"]
[Site "?"]
[Date "1996.??.??"]
[Round "?"]
[White "Brameld, Arthur F"]
[Black "Franklin, Michael J"]
[Result "0-1"]
[WhiteElo "2190"]
[BlackElo "2255"]
[PlyCount "110"]
[EventDate "1996.??.??"]
[EventType "game"]

1. e4 c5 2. Nf3 a6 3. c4 {out of book} d6 4. d4 Nd7 5. Nc3 e6 6. Be2 b6 7. O-O Ne7 8. Re1 Ng6 9. Be3 Be7 10. Qc2 O-O 11. Rad1 Qc7 12. b3 Bb7 13. d5 e5 14. g3 Rae8 15. h4 Nf6 16. Nh2 Bc8 17. h5 Nh8 18. h6 g6 19. g4 Rd8 20. f3 Ne8 21. Bd3 Bh4 22. Re2 Qe7 23. Qd2 Bd7 24. Rg2 Nc7 25. Kh1 f6 26. Rdg1 Nf7 27. Ne2 $17 (27. Nf1 $5 $15) 27... Bg5 28. Nf1 Nxh6 29. Bxg5 fxg5 30. Rh2 Nf7 31. Rg3 Kg7 32. Rgh3 Rh8 33. Ne3 Ne8 34. Ng3 Nf6 35. Qg2 Rdg8 36. Kg1 Qd8 37. Kf1 Qc8 38. Ne2 h5 39. Rg3 hxg4 40. Rxh8 Rxh8 (40... Kxh8 $6 41. fxg4 Rf8 42. Qh3+ Kg7 43. Rg1 $19) 41. fxg4 Rh4 42. Nc3 Nh6 43. Be2 Nhxg4 44. Bxg4 Nxg4 (44... Rxg4 $6 45. Nxg4 Bxg4 46. Kg1 $11) 45. Nxg4 Bxg4 46. Ke1 Bh3 47. Qh2 Bd7 48. Qf2 g4 49. Rg1 Rh3 50. Ne2 Qd8 51. Ng3 Qg5 52. Kd1 Qf4 53. Qg2 b5 54. Nf5+ (54. cxb5 axb5 55. Kc2 $19) 54... Bxf5 $1 {the punch} 55. exf5 Rh2 $1 {the knock-out blow} 0-1

[Event "Soton Lge"]
[Site "?"]
[Date "1996.??.??"]
[Round "?"]
[White "Yeo, Michael J"]
[Black "Brameld, Arthur F"]
[Result "1/2-1/2"]
[WhiteElo "2205"]
[BlackElo "1990"]
[PlyCount "52"]
[EventDate "1996.??.??"]
[EventType "simul"]
[EventRounds "2"]

1. e4 Nf6 2. Nc3 d5 3. e5 Ne4 4. Nce2 f6 {out of book} 5. d3 Ng5 6. Bxg5 fxg5 7. h4 g4 8. d4 c5 9. Nf4 cxd4 10. Be2 $11 (10. Qxd4 $5 e6 11. Nd3 $14) 10... Qa5+ 11. Kf1 Nc6 12. Nd3 Bf5 13. Bxg4 Bxd3+ 14. Qxd3 Nxe5 15. Bh5+ g6 16. Qxd4 Bg7 17. Bf3 O-O-O (17... Nxf3 $143 18. Qxg7 Nd2+ 19. Ke2 $11) 18. Rh3 Bf6 19. Bg4+ Kb8 20. Qf4 $19 (20. Rb3 $5 $17) 20... Rhf8 $17 (20... Qb5+ $142 $5 21. Be2 Qxb2 $19) 21. Re1 Bg7 22. Qg3 Qc7 23. Bd1 Rf7 24. Nf3 Nxf3 25. Qxc7+ Kxc7 26. Rxf3 Rxf3 1/2-1/2

[Event "4NCL Wessex v SW Dragons"]
[Site "?"]
[Date "1997.??.??"]
[Round "?"]
[White "Brameld, Arthur F"]
[Black "Smith, JR."]
[Result "1/2-1/2"]
[WhiteElo "2190"]
[BlackElo "2200"]
[PlyCount "59"]
[EventDate "1997.??.??"]
[EventType "game"]

1. e4 e6 2. d4 d5 3. Nc3 Bb4 4. Qd3 dxe4 5. Qxe4 Nf6 6. Qh4 b6 7. Nf3 Bb7 8. Bb5+ c6 9. Bd3 Nbd7 10. a3 Be7 11. O-O Nd5 12. Qg3 Nxc3 13. bxc3 Bf6 14. Ng5 Bxg5 15. Bxg5 Nf6 16. Rfe1 Qd7 17. Qe5 Ke7 18. f4 Qd6 19. Re2 c5 20. f5 cxd4 21. cxd4 Rad8 22. Qxd6+ Rxd6 23. c3 h6 24. Bf4 Rc6 25. c4 Kd8 26. fxe6 Rxe6 27. Rxe6 fxe6 28. Re1 Kd7 29. c5 bxc5 30. dxc5 1/2-1/2

[Event "4NCL Wessex v Guildford"]
[Site "Guildford"]
[Date "1997.??.??"]
[Round "?"]
[White "Thompson, Ian D"]
[Black "Brameld, Arthur F"]
[Result "1/2-1/2"]
[WhiteElo "2300"]
[BlackElo "2190"]
[PlyCount "90"]
[EventDate "1997.??.??"]
[EventType "game"]
[EventCountry "ENG"]

1. c4 Nc6 2. Nc3 e5 3. g3 g6 4. Bg2 Bg7 5. e3 f5 6. Nge2 Nf6 7. d3 O-O 8. O-O d6 9. Rb1 a5 10. a3 Be6 11. Nd5 Qd7 12. Nec3 Rab8 13. Qa4 Nh5 14. f4 Kh8 15. Bd2 Nf6 16. Rbc1 Bg8 17. Nb5 Nxd5 18. cxd5 Na7 19. Nc3 Qxa4 20. Nxa4 exf4 21. gxf4 b5 22. Rxc7 bxa4 23. Rxa7 Rxb2 24. Bxa5 Rb3 25. Rd1 Re8 26. Kf2 Rxa3 27. Bb4 Ra2+ 28. Rd2 Rxd2+ 29. Bxd2 Rb8 30. Rxa4 Rb2 31. Ke1 Rb1+ 32. Ke2 Rb2 33. d4 h6 34. Ra6 Bf8 35. Ra8 Kg7 36. Ra7+ Kf6 37. Kd3 Bf7 38. e4 fxe4+ 39. Bxe4 Rb5 40. Be1 Bxd5 41. Bxd5 Rxd5 42. Bc3 Be7 43. Ke4 Rh5 44. d5+ Kf7 45. Bb4 Ke8 1/2-1/2

[Event "Soton Lge"]
[Site "?"]
[Date "1997.??.??"]
[Round "?"]
[White "Brameld, Arthur F"]
[Black "Samuels, A."]
[Result "1/2-1/2"]
[WhiteElo "2190"]
[BlackElo "1815"]
[PlyCount "77"]
[EventDate "1997.??.??"]
[EventType "game"]

1. e4 c5 2. Nf3 e6 3. d4 cxd4 4. Nxd4 Nf6 5. Bd3 Nc6 6. Be3 d5 7. Nd2 e5 8. Nxc6 bxc6 9. Bg5 Be7 10. O-O O-O 11. h3 h6 12. Bh4 Rb8 13. b3 Nd7 14. Bg3 Bf6 15. Qh5 Re8 16. Nf3 Qe7 17. Rfe1 Qf8 18. Nh2 g6 19. Qf3 d4 20. Qe2 c5 21. Rf1 g5 22. a4 Qg7 23. Qh5 Nf8 24. Ng4 Bxg4 25. Qxg4 Qg6 26. Bb5 Red8 27. Rfe1 h5 28. Qf5 Qg7 29. Bc4 Re8 30. a5 h4 31. Bh2 Qg6 32. Qg4 Kg7 33. a6 Bd8 34. Ra4 Qd6 35. Bd5 Rb6 36. Rea1 f6 37. g3 hxg3 38. Bxg3 Qd7 39. Kg2 1/2-1/2

[Event "4NCL Wessex v Bristol"]
[Site "Bristol"]
[Date "1997.??.??"]
[Round "?"]
[White "Phillips, Roy"]
[Black "Brameld, Arthur F"]
[Result "1/2-1/2"]
[WhiteElo "2130"]
[BlackElo "2180"]
[PlyCount "139"]
[EventDate "1997.??.??"]
[EventType "game"]
[EventCountry "ENG"]

1. c4 Nf6 2. Nc3 e6 3. Nf3 c5 4. g3 Nc6 5. Bg2 Be7 6. O-O O-O 7. d4 cxd4 8. Nxd4 a6 9. b3 Qa5 10. Bb2 Rd8 11. Rc1 Rb8 12. a3 Qh5 13. e4 Nxd4 14. Qxd4 Bc5 15. Qd2 Ba7 16. h3 h6 17. e5 Ne8 (17... Qxe5 $2 {is nothing because of} 18. Nb5 Ne4 19. Qc2 Bxf2+ 20. Rxf2 $18) 18. Ne4 d5 19. c5 Bd7 20. Nd6 Nxd6 21. cxd6 Qg5 22. Qxg5 hxg5 23. Rc2 Rbc8 24. Rfc1 Rxc2 25. Rxc2 Rc8 26. Rxc8+ Bxc8 27. Kf1 Bd7 28. f4 Bb5+ 29. Ke1 gxf4 30. gxf4 g6 31. a4 Bc6 32. Ke2 Kf8 33. Kd3 Bf2 34. Bd4 Bg3 35. Ke3 Ke8 36. Kf3 Bh4 37. Kg4 Bd8 38. h4 b5 39. axb5 Bxb5 (39... axb5 $143 40. h5 $14) 40. Bf3 Bd3 41. b4 a5 42. Bd1 Bb5 43. bxa5 Bxa5 44. h5 gxh5+ 45. Kxh5 Bd2 46. Kg5 Ba5 47. f5 exf5 48. Bb3 Bc6 49. Kxf5 Bd7+ 50. Kg5 Bc6 51. Bd1 Bd7 52. Kh6 Kf8 53. Bb3 Bc6 54. Kh7 Bd8 55. Bd1 Bg5 $4 $18 (55... Bd7 $142 $11 {would save the game}) 56. Bg4 (56. e6 $142 {and White has it in the bag} Bb5 (56... fxe6 $4 57. Bh5 e5 58. Bxe5 Bf6 59. Bxf6 d4 60. Be7#) 57. Bh5 Bd3+ 58. Kh8 $18) 56... Bd8 $4 {terrible, but what else could Black do to save the game?} (56... Ke8 $142 57. Kg7 Bd2 $18) 57. d7 (57. e6 $142 {and White has triumphed} Bb5 58. Bh5 Bd3+ 59. Kh8 $18) 57... Be7 (57... Bxd7 58. Bxd7 Ke7 $18) 58. Bc5 $19 (58. e6 f6 59. Bh5 Ba4 60. Be3 Bc2+ 61. Bg6 Bxg6+ 62. Kh8 Bb4 63. d8=Q+ Be8 64. Bh6#) 58... Bxd7 $1 {? is still ahead} 59. Bxd7 Bxc5 60. Kh6 Be3+ 61. Kh5 Ke7 62. Bf5 Bf4 63. Kg4 Bxe5 64. Kf3 Kd6 65. Ke2 Bb2 66. Bb1 Ke5 67. Bd3 f5 68. Bb1 Kf4 69. Ba2 d4 70. Bd5 1/2-1/2

[Event "4NCL Wessex v NW Eagles"]
[Site "?"]
[Date "1997.??.??"]
[Round "?"]
[White "Brameld, Arthur F"]
[Black "Giblin, William"]
[Result "1/2-1/2"]
[WhiteElo "2180"]
[BlackElo "2130"]
[PlyCount "64"]
[EventDate "1997.??.??"]
[EventType "game"]

1. e4 c5 2. Nf3 e6 3. d4 cxd4 4. Nxd4 Nf6 5. Bd3 d6 6. O-O Nbd7 7. Be3 a6 8. f4 Qc7 9. a4 b6 10. Nd2 Bb7 11. N4b3 Be7 12. Qe2 O-O 13. h3 Nc5 14. Nxc5 bxc5 15. c3 Rfe8 16. Kh2 a5 17. Bg1 Bc6 18. g4 Rab8 19. Bb5 Qb7 20. g5 Nd7 21. c4 d5 22. Rfe1 Qc7 23. e5 Nb6 24. Rec1 Red8 25. Kg3 Ba8 26. cxd5 Rxd5 (26... Nxd5 $143 27. Nb3 Nxf4 28. Kxf4 $14) 27. Ne4 $2 $19 (27. Nf3 $142 $15 {would keep White in the game}) 27... Rbd8 $4 $11 {letting the wind out of his own sails} (27... Rxe5 $142 {Black clearly has the better chances} 28. fxe5 Qxe5+ 29. Kf3 Bd6 $19) 28. Be3 c4 $14 (28... Rxe5 $5 {should not be overlooked} 29. fxe5 Qxe5+ 30. Bf4 Qxe4 31. Qxe4 Bxe4 $14) 29. Bxc4 Nxc4 30. Rxc4 (30. Qxc4 $143 Qb7 31. Kh4 h6 $15) 30... Qb7 31. Rac1 R5d7 32. Kh4 Bb4 {33.Bc5  but too short of time so 1/2} 1/2-1/2

[Event "Hants v Kent BCF ¼ Finals"]
[Site "?"]
[Date "1997.??.??"]
[Round "?"]
[White "Moskovic, David"]
[Black "Brameld, Arthur F"]
[Result "1-0"]
[Annotator "Fritz 4.00"]
[WhiteElo "2165"]
[BlackElo "2190"]
[PlyCount "99"]
[EventDate "1997.??.??"]
[EventType "game"]

1. e4 Nf6 2. e5 Nd5 3. d4 d6 4. exd6 cxd6 5. c4 Nf6 6. Nc3 g6 7. d5 Bg7 8. Bd3 Nbd7 9. Nge2 Ne5 10. Bb1 O-O 11. b3 Bg4 12. f3 Bc8 13. O-O Nh5 14. f4 Ng4 15. Qe1 f5 16. h3 Qb6+ 17. Kh1 Ngf6 18. Bb2 Ne4 19. Bxe4 (19. Nxe4 $4 Bxb2 20. Nxd6 exd6 $19) 19... fxe4 20. Na4 Qe3 21. Bxg7 Nxg7 22. Ng3 Qxe1 23. Raxe1 Nf5 24. Nxe4 Bd7 25. Nac3 a6 26. g4 Nd4 27. Ng5 h6 28. Ne6 $4 $16 {throwing away the advantage} (28. Rxe7 $142 {White clearly has the better chances} Bxg4 29. hxg4 hxg5 30. Ne4 Rxf4 31. Rxf4 gxf4 32. Rxb7 $18) 28... Nxe6 29. dxe6 (29. Rxe6 $143 Bxe6 30. dxe6 b5 $15) 29... Bc6+ 30. Kh2 b5 31. Kg3 bxc4 32. bxc4 Rac8 33. Rc1 Rc7 34. Nd5 Bxd5 35. cxd5 Rfc8 36. Rxc7 Rxc7 37. Rf2 Rc3+ 38. Rf3 Rc2 39. Ra3 Rd2 40. Ra5 Rd3+ 41. Kf2 Kg7 42. Ke2 (42. Rxa6 $6 Rxd5 43. Ra8 Kf6 $11) 42... Rxh3 43. Rxa6 Rg3 44. Ra7 Kf6 45. Ra8 Rxg4 46. Rf8+ Kg7 47. Rf7+ Kg8 48. Kf3 (48. Rxe7 $6 Rxf4 49. Rd7 Ra4 $14) 48... Rg1 49. Rxe7 Rd1 50. Rd7 1-0

[Event "4NCL"]
[Site "?"]
[Date "1997.??.??"]
[Round "?"]
[White "Brameld, Arthur F"]
[Black "Sellars, M."]
[Result "1/2-1/2"]
[Annotator "Fritz 4.00"]
[WhiteElo "2070"]
[BlackElo "1920"]
[PlyCount "85"]
[EventDate "1997.??.??"]
[EventType "simul"]
[EventRounds "3"]

1. e4 c5 2. Nf3 Nc6 3. b4 $15 (3. Bc4 $142 $5 $14 {is interesting}) 3... cxb4 4. d4 (4. Bb2 $15) 4... d5 5. exd5 Qxd5 6. c4 Qd8 $11 (6... Qa5 $5 7. Bb2 Bf5 $15) 7. d5 Na5 8. Ne5 Nf6 9. Bg5 $17 (9. Qa4+ $5 {must be considered} Bd7 10. Nxd7 Nxd7 11. Be3 $11) 9... Nd7 10. Nf3 g6 11. Be3 Bg7 12. Bd4 Nf6 $15 (12... Bxd4 13. Qxd4 O-O $17) 13. Qa4+ Bd7 14. Qxb4 O-O 15. Nc3 b6 16. Be2 e6 17. O-O Re8 18. Rfd1 Rc8 19. Bf1 exd5 20. cxd5 Bg4 21. Bxf6 Bxf6 22. Qxg4 Rxc3 23. Bb5 Rf8 24. Rab1 Nb7 25. Bc6 Nd6 26. Rbc1 Kg7 27. Rxc3 Bxc3 28. Rd3 Qf6 29. Nd4 Bxd4 30. Rxd4 Nf5 31. Rd1 Rd8 32. h3 h5 33. Qa4 Qe7 34. Qc4 Nd6 35. Qc3+ Qf6 36. Qxf6+ Kxf6 37. Rd3 Ke5 38. Kf1 f5 $14 (38... Ne4 $5 $11) 39. Ke2 $11 (39. Rg3 $5 Rg8 40. Re3+ Ne4 41. f3 $14) 39... f4 40. f3 $15 (40. Ra3 $5 a5 41. Rb3 $14) 40... g5 41. Ra3 a5 42. Kd3 Nf5 43. Ra4 1/2-1/2

[Event "Ward Higgs Trophy"]
[Site "BCF Corr."]
[Date "1998.??.??"]
[Round "?"]
[White "Brameld, Arthur F"]
[Black "Tucker, D."]
[Result "1/2-1/2"]
[WhiteElo "2080"]
[BlackElo "2070"]
[PlyCount "61"]
[EventDate "1998.??.??"]
[EventType "game"]

1. e4 c5 2. Nf3 Nc6 3. b4 $5 Nxb4 4. c3 Nc6 5. d4 d5 6. exd5 (6. dxc5 Nf6 {why not 6....de4 (AFB)} 7. exd5 Nxd5 8. Bb5 $15) 6... Qxd5 7. Nbd2 (7. Qb3 e6 {7....Qxb3 (AFB)} 8. Bb5 $17) 7... cxd4 8. Bc4 Qh5 9. cxd4 e6 10. O-O Nf6 11. Rb1 a6 12. Be2 Qd5 13. Nc4 Qd8 14. Nb6 Ra7 15. Ne5 Be7 (15... Nxd4 16. Qa4+ Qd7 17. Nbxd7 (17. Nexd7 $143 Nxe2+ 18. Kh1 Bxd7 $18) 17... Nxe2+ 18. Kh1 Bxd7 19. Nxd7 Nxd7 20. Bb2 $18) 16. Bf3 Nd5 (16... Nxd4 17. Be3 Bc5 18. Bxd4 Bxd4 19. Qa4+ Nd7 20. Qxd4 (20. Nexd7 $6 Bxf2+ 21. Rxf2 Bxd7 $18) (20. Nbxd7 $143 Bxe5 21. Nxe5+ b5 22. Bc6+ Kf8 $18) 20... Nxb6 21. Qxd8+ (21. Qxb6 $6 Qxb6 22. Rxb6 Ke7 $18) 21... Kxd8 22. Nxf7+ (22. Rxb6 $6 Ke7 $18) 22... Ke7 23. Nxh8 $18 (23. Rxb6 $6 {is much weaker} Kxf7 24. Rd1 Ke7 $11)) 17. Qc2 O-O (17... Nxb6 18. Bxc6+ Nd7 $15) 18. Nxd5 exd5 19. Nxc6 bxc6 20. Qxc6 Be6 21. Bf4 Qa8 22. Rfc1 h6 23. Qb6 a5 24. Rc6 {24.Rc7 (Tucker)} Bd8 25. Qc5 Be7 26. Bd6 Bxd6 27. Rxd6 Rc8 28. Bxd5 Bxd5 29. Qxd5 Qxd5 30. Rxd5 Rc2 31. Ra1 1/2-1/2

[Event "4NCL"]
[Site "?"]
[Date "1997.??.??"]
[Round "?"]
[White "Brameld, Arthur F"]
[Black "Jones, N."]
[Result "1-0"]
[Annotator "Fritz 4.00"]
[WhiteElo "2100"]
[BlackElo "1880"]
[PlyCount "53"]
[EventDate "1997.??.??"]
[EventType "simul"]
[EventRounds "3"]

1. e4 d5 2. Nc3 $11 (2. e5 $14) 2... d4 3. Nce2 c5 4. Ng3 a6 5. a4 Nc6 6. f4 $15 (6. Nf3 $11) 6... e5 7. f5 Nf6 8. Bc4 Bd6 9. Nf3 h6 10. O-O b6 11. Qe2 Bb7 12. h3 Qd7 13. b3 Na5 14. Bd3 Nc6 15. Ba3 O-O 16. Nh2 Nb4 17. Bxb4 cxb4 18. Ng4 Qe7 19. Nxf6+ Qxf6 20. Rf3 Qh4 21. Raf1 Bc7 22. Kh2 Bd8 23. f6 g6 (23... Bxf6 $4 {Black will choke on that pawn} 24. Rxf6 $1 {puts the final touch} b5 25. axb5 axb5 (25... gxf6 $4 {too greedy} 26. Nf5 Qg5 27. h4 $18 (27. bxa6 $143 Kh7 28. axb7 Ra7 $18)) 26. R6f3 $18) 24. Nf5 $1 {the final blow} gxf5 25. Rxf5 Bc8 (25... Bxf6 26. g3 $1 {the end, the rest is history} (26. Rxf6 $6 Ra7 $18) 26... Qg5 27. Rxg5+ (27. Rxf6 $6 b5 $18) 27... Bxg5 $18) 26. g3 Bxf5 27. gxh4 1-0

[Event "4NCL"]
[Site "?"]
[Date "1997.??.??"]
[Round "?"]
[White "Brameld, Arthur F"]
[Black "Osborne, B."]
[Result "1-0"]
[Annotator "Fritz 4.00"]
[WhiteElo "2100"]
[BlackElo "1950"]
[PlyCount "37"]
[EventDate "1997.??.??"]
[EventType "simul"]
[EventRounds "3"]

1. e4 c5 2. Nf3 d6 3. d4 cxd4 4. Qxd4 Nc6 5. Bb5 Bd7 6. Bxc6 Bxc6 7. Nc3 e6 8. Bg5 Nf6 9. O-O-O Be7 10. Rhe1 h6 11. Bh4 Qc7 12. Kb1 Rc8 13. h3 (13. Qxa7 $6 Nxe4 14. Bxe7 (14. Nxe4 $2 Bxe4 15. Rd2 Bxc2+ 16. Ka1 Bxh4 17. Nxh4 O-O $19) 14... Nxc3+ 15. bxc3 Kxe7 $15) 13... e5 14. Qd3 b5 $2 $18 (14... g5 $142 $5 {is the best option Black has} 15. Bg3 O-O $14) 15. Bxf6 gxf6 (15... Bxf6 16. Nxb5 Bxb5 17. Qxb5+ Ke7 $16) 16. Nxb5 Qb7 17. Nxd6+ Bxd6 18. Qxd6 Bxe4 (18... Ba4 19. b3 Qc6 $18) 19. Rxe4 (19. Qxf6 $6 Bxc2+ 20. Ka1 O-O $18) 1-0

[Event "4NCL"]
[Site "?"]
[Date "1998.??.??"]
[Round "?"]
[White "Palliser, Richard"]
[Black "Brameld, Arthur F"]
[Result "1-0"]
[Annotator "Fritz 4.00"]
[WhiteElo "2165"]
[BlackElo "2070"]
[PlyCount "65"]
[EventDate "1998.??.??"]
[EventType "swiss"]

1. d4 Nf6 2. c4 e6 3. Nc3 c5 4. d5 exd5 $14 5. cxd5 d6 6. e4 g6 7. Bd3 Bg7 8. Nge2 O-O 9. O-O Na6 10. Kh1 Nc7 11. f3 a6 12. a4 b6 13. Rb1 Nd7 14. b4 Ne5 15. Bc2 f5 16. bxc5 bxc5 17. exf5 Bxf5 18. Ne4 Qd7 19. N2g3 Rab8 20. Rxb8 Rxb8 21. Bh6 $11 (21. Nxf5 gxf5 22. Ng3 $14) 21... Bxe4 22. Nxe4 Rb4 23. Bxg7 Kxg7 24. Qa1 Rd4 (24... Nxd5 $143 25. f4 Ne3 26. fxe5 $16) 25. Rd1 Rxd1+ $14 (25... Rxd5 $5 26. f4 Rxd1+ 27. Qxd1 Nc4 $11 28. Qa1+ Kh6 29. Qc3 Qe6 30. g4 Qxg4 31. Qxc4 Qxf4 32. Qd3 c4 33. Qh3+ Kg7 34. Qc3+ Kh6 $11) 26. Qxd1 $11 (26. Bxd1 Nxd5 27. Nxc5 $11) 26... Qf7 $16 (26... Qe7 $142 $5 $11 {must be considered}) 27. Bb3 $11 (27. Nxd6 $142 $5 Qd7 (27... Qxd5 $2 {doesn't lead to the expected results} 28. Ne8+ Kf7 29. Nxc7 Qxd1+ 30. Bxd1 $18) 28. Ne4 Qxd5 29. Qxd5 Nxd5 30. Nxc5 $16) 27... c4 $2 $16 (27... Qe7 $142 $11 {and Black hangs on}) 28. Nxd6 Qf4 29. g3 Qxf3+ 30. Qxf3 Nxf3 31. Bxc4 Nd2 32. Ba2 Kf6 33. Nb7 (33. Nb7 Na8 34. a5 Ke7 35. Kg2 (35. d6+ Kd7) 35... Kd7 36. Nc5+ Kd6 37. Nxa6 Ne4 38. Nb4) 1-0

[Event "Soton Lge"]
[Site "?"]
[Date "1998.??.??"]
[Round "?"]
[White "Brameld, Arthur F"]
[Black "Cartridge, Stephen"]
[Result "1/2-1/2"]
[Annotator "A F BRAMELD"]
[WhiteElo "2070"]
[BlackElo "1860"]
[PlyCount "89"]
[EventDate "1998.??.??"]
[EventType "swiss"]

1. e4 c5 2. Nf3 Nc6 3. b4 $5 cxb4 4. d4 d5 5. exd5 Qxd5 6. c4 Qe4+ $11 (6... bxc3 7. Nxc3 Qa5 8. Bd2 $17 {8.d5!}) 7. Be3 Bd7 8. h3 Qf5 9. Bd3 Qa5 10. O-O $15 (10. d5 Nd8 $11) 10... e6 11. Re1 Bd6 12. d5 Ne5 $11 (12... Nce7 13. Bd4 Nf6 14. Qd2 $11) 13. Bd4 Nxf3+ 14. Qxf3 b3 $16 (14... Bf8 $5 $14 {should be examined more closely}) 15. Bc3 $14 (15. Re2 $5 Ne7 16. axb3 $18) 15... b2 16. Bxa5 $15 (16. dxe6 Bxe6 17. Qxb7 $16 (17. Bxa5 bxa1=Q 18. Bc3 Qxa2 19. Bxg7 Qa5 $11)) 16... bxa1=Q 17. Bc3 Qxa2 18. Bxg7 O-O-O $16 (18... Qa5 $142 $5 {must definitely be considered} 19. Kf1 Bb4 $14) 19. Bxh8 exd5 20. Nc3 (20. Qxd5 $6 Be6 21. Qf3 Ne7 $16 (21... Bxc4 22. Rc1 (22. Bxh7 $143 Ne7 23. Bf6 Re8 $16) 22... b5 23. Qc6+ (23. Bxh7 $6 Ne7 24. Bf6 Kb8 $16) 23... Bc7 24. Bf5+ (24. Bxc4 Qxc4 25. Qa8+ Kd7 26. Qxd8+ Kxd8 (26... Bxd8 $6 27. Rxc4 bxc4 28. Nd2 $15) 27. Rxc4 bxc4 $15) 24... Kb8 25. Be4 $18 (25. Bxh7 $6 {is easily refuted} Ne7 26. Qe4 Rxh8 27. Qxe7 Qb2 $11 (27... Rxh7 $143 28. Qe8+ Kb7 29. Qe4+ Bd5 30. Qxh7 $18)))) 20... Qd2 21. Rd1 Qg5 22. cxd5 f5 23. Bd4 a6 24. g3 Nf6 $2 $18 (24... h6 $142 $5 $16) 25. Bxf6 (25. Bxa6 Ne8 (25... bxa6 26. Qe2 Bb5 27. Qe6+ Nd7 28. Nxb5 (28. Qxd6 {is the less attractive alternative} Nb8 29. Qc5+ Kd7 30. Qa7+ Ke8 31. Re1+ Kf8 $18) 28... axb5 29. Qxd6 $18) 26. Be3 Qg7 $18) 25... Qxf6 26. Ne4 Qg6 27. Nxd6+ Qxd6 28. Bxf5 Bxf5 29. Qxf5+ Qd7 30. Qe5 {Threatening mate: Rc1} Qd6 31. Qe4 h6 32. Kg2 Kc7 33. Qd4 Re8 (33... Kb8 34. Qe3 $18) 34. Qa7 Rc8 35. Rc1+ Kd8 36. Rxc8+ Kxc8 37. Qd4 b5 38. f4 a5 {Black plans b4} 39. Kf3 $14 (39. Qc3+ Kd7 40. Qxa5 Qxd5+ 41. Kf2 h5 $16) 39... a4 40. Qc3+ Kd7 41. Ke4 $11 (41. Qd3 b4 $14) 41... a3 42. Qb3 $15 (42. Qd4 b4 $11) 42... b4 43. Qa4+ Ke7 44. g4 Qc5 45. Qa6 1/2-1/2

[Event "4NCL"]
[Site "?"]
[Date "1998.??.??"]
[Round "?"]
[White "Brameld, Arthur F"]
[Black "Jones, RS."]
[Result "0-1"]
[Annotator "Fritz 4.00"]
[WhiteElo "2070"]
[BlackElo "2065"]
[PlyCount "80"]
[EventDate "1998.??.??"]
[EventType "swiss"]

1. e4 c5 2. Nf3 d6 3. d4 cxd4 4. Qxd4 Nc6 5. Bb5 Bd7 6. Bxc6 Bxc6 7. Nc3 Nf6 8. Bg5 h6 9. Bxf6 gxf6 10. O-O-O Qa5 11. Kb1 O-O-O 12. Qc4 e6 13. Nd4 Qc7 14. Nxc6 Qxc6 15. Qd4 Bg7 16. Qxa7 f5 17. exf5 Bxc3 18. bxc3 Kc7 19. Qa5+ Kd7 20. Rhe1 d5 21. c4 Qxc4 22. fxe6+ fxe6 23. Qb6 Qc6 24. Qxc6+ $14 (24. Qb3 $16) 24... bxc6 25. Rd3 Rhg8 26. g3 Kd6 27. Rde3 Rg6 28. f4 Rb8+ 29. Kc1 Ra8 30. a3 Ra4 31. R1e2 c5 32. Kb2 c4 33. Re5 Rf6 34. Re1 Ra6 35. Rh5 Kc5 36. Ka2 Kd4 37. Rhe5 c3 $2 $18 (37... Kc3 $142 $11 {and Black hangs on}) 38. Rd1+ Kc4 39. Rd3 $4 $19 {what a pity, victory was in sight} (39. Rb1 $142 $18) 39... Rf7 40. Ree3 (40. Kb1 Rxa3 41. Rxc3+ (41. Rxe6 $4 {will allow a snap mate in 3} Rb7+ 42. Rb6 Rxb6+ 43. Kc1 Ra1#) 41... Rxc3 42. Rxe6 $19) 40... Rxa3+ $3 {a sacrifice that ends the game} 0-1

[Event "Portsmouth, 9th NATO"]
[Site "?"]
[Date "1998.??.??"]
[Round "?"]
[White "Costales, C."]
[Black "Brameld, Arthur F"]
[Result "1/2-1/2"]
[Annotator "Hiarcs 6.0 (30s)"]
[WhiteElo "1890"]
[BlackElo "2115"]
[PlyCount "82"]
[EventDate "1998.??.??"]
[EventType "simul"]
[EventRounds "7"]

1. d4 Nf6 2. c4 c5 3. Nf3 cxd4 4. Nxd4 Nc6 5. Nc3 g6 6. g3 Bg7 7. Nxc6 bxc6 8. Bg2 O-O 9. O-O Rb8 10. Qc2 e5 {out of book} 11. e4 (11. Be3 Qa5 $14) 11... d6 12. h3 $11 (12. b3 Qc7 $14) 12... Be6 13. b3 Qc8 14. Kh2 Rd8 15. Bg5 h6 16. Bxf6 $11 (16. Be3 Qc7 $14) 16... Bxf6 17. Rad1 Qb7 18. Rd3 Qb4 19. Rfd1 Kg7 20. Ne2 $15 (20. h4 $5 $11) 20... a5 $11 (20... d5 21. cxd5 cxd5 22. Qb2 $15) 21. Nc3 Be7 22. Qe2 a4 23. Rb1 $17 (23. Nxa4 Bxc4 24. bxc4 Qxa4 $15) 23... axb3 24. axb3 {Black gets strong play along the open a-file} Rd7 25. Qc2 Ra7 26. Bf1 $17 (26. f4 exf4 27. gxf4 Bf6 $17) 26... Ra3 27. Na2 Qa5 28. Rd2 $2 $19 (28. Rb2 $142 $5 $17) 28... Raxb3 29. Rxb3 Rxb3 30. Bd3 (30. Rxd6 Bxd6 31. Qxb3 Qe1 $19) 30... Ra3 (30... Bg5 {keeps an even firmer grip} 31. Qxb3 Qxd2 32. Kg2 $19) 31. Qb2 (31. Re2 Qc5 $19) 31... Kh7 (31... Bg5 $142 $5 {and Black can already relax} 32. f4 Rb3 33. fxg5 Rxb2 34. gxh6+ Kxh6 35. Rxb2 $19) 32. Bf1 Bg5 33. Rc2 Ra4 34. Kg2 d5 (34... Qc5 {might be the shorter path} 35. h4 Be7 36. Qb8 $19) 35. h4 (35. Nc3 Rb4 36. Qa2 Qxa2 37. Nxa2 Rb3 38. exd5 cxd5 39. cxd5 Bxd5+ 40. Kh2 Be4 $19) 35... Bf6 (35... Bd8 $5 {makes it even easier for Black} 36. Nc3 Rb4 37. Qc1 $19) 36. Nc3 Rb4 37. Qa2 Qxa2 38. Nxa2 Ra4 $2 $15 (38... Rb7 $142 $19 {with excellent chances for Black}) 39. Nc3 Ra3 40. exd5 $15 (40. cxd5 cxd5 41. Nxd5 Bd8 $11) 40... Bf5 41. Rc1 cxd5 $11 (41... e4 $5 42. Nd1 Bd7 $15) 1/2-1/2